书目信息 |
| 题名: |
企业投资理财一本通
|
|
| 作者: | 索晓辉 主编 | |
| 分册: | ||
| 出版信息: | 北京 中华工商联合出版社 2007.04 |
|
| 页数: | 268页 | |
| 开本: | 21cm | |
| 丛书名: | 中小企业财务实务技能一本通丛书 | |
| 单 册: | ||
| 中图分类: | F276.3 | |
| 科图分类: | ||
| 主题词: | 中小企业--zhong xiao qi ye--投资--基本知识 , 中小企业--zhong xiao qi ye--财务管理--基本知识 | |
| 电子资源: | ||
| ISBN: | 978-7-80193-461-1 | |
| 000 | 01032nam 2200265 450 | |
| 001 | 012007416358 | |
| 005 | 20071010113557.96 | |
| 010 | @a978-7-80193-461-1@dCNY22.80 | |
| 100 | @a20070611d2007 km y0chiy0120 ea | |
| 101 | 0 | @achi |
| 102 | @aCN@b110000 | |
| 105 | @ay z 000yy | |
| 200 | 1 | @a企业投资理财一本通@Aqi ye tou zi li cai yi ben tong@f索晓辉主编@Fsuo xiao hui zhu bian |
| 210 | @a北京@c中华工商联合出版社@d2007.04 | |
| 215 | @a268页@d21cm | |
| 225 | 2 | @a中小企业财务实务技能一本通丛书@Azhong xiao qi ye cai wu shi wu ji neng yi ben tong cong shu |
| 330 | @a本书重点突出,案例翔实,贴近实务,在介绍基础财务知识的同时,通过设置相关实务案例,使读者能够学以致用。 | |
| 410 | 0 | @12001 @a中小企业财务实务技能一本通丛书 |
| 512 | 1 | @a企业投资理财1本通@Aqi ye tou zi li cai 1 ben tong |
| 606 | 0 | @a中小企业@Azhong xiao qi ye@x投资@x基本知识 |
| 606 | 0 | @a中小企业@Azhong xiao qi ye@x财务管理@x基本知识 |
| 690 | @aF276.3@v4 | |
| 701 | 0 | @a索晓辉@Asuo xiao hui@4主编 |
| 801 | 0 | @aCN@c20071010 |
| 905 | @dF276.3@eS997 | |
| 企业投资理财一本通/索晓辉主编.-北京:中华工商联合出版社,2007.04 |
| 268页;21cm.-(中小企业财务实务技能一本通丛书) |
| ISBN 978-7-80193-461-1:CNY22.80 |
| 本书重点突出,案例翔实,贴近实务,在介绍基础财务知识的同时,通过设置相关实务案例,使读者能够学以致用。 |
| ● |
| 相关链接 |
|
|
|
正题名:企业投资理财一本通
索取号:F276.3/S997
 
预约/预借
| 序号 | 登录号 | 条形码 | 馆藏地/架位号 | 状态 | 备注 |
| 1 | 244061 | 202440616 | 社科库409/409社科库 96排1列1层/ [索取号:F276.3/S997] | 在馆 | |
| 2 | 244062 | 202440625 | 社科库409/409社科库 96排1列1层/ [索取号:F276.3/S997] | 在馆 | |
| 3 | 244063 | 202440634 | 社科库409/409社科库 96排1列1层/ [索取号:F276.3/S997] | 在馆 |